000 00450nam a22001817a 4500
003 MPLRDC
005 20220104175129.0
008 210129b ||||| |||| 00| 0 eng d
020 _a967-9905-89-6
082 _a524.9463 HERN 1986 c.2
100 _aLEE HERN
245 _aSIRI RUJUKAN LENGKAP FIZIK SPM
_c
250 _a第一版
260 _a
_bPUSTAKA YAKIN PELAJA
_c1986
300 _b
650 _a
942 _cBK
_o524.9463 HERN 1986 c.2
999 _c60214
_d60204